00894nam a2200169 a 4500001001000000005001700010008004100027041000800068044000700076050001400083245042100097260003300518300005600551500003700607500007200644500000800716BRCA_603820190321142926.0050511s1930----gw-a######---#000-0#ger-# ager agw 4b.H36 193010aHandzeichnungen alter Meister des XV. bis XVIII. Jahrhunderts aus dem Besitze von Frau Geheimrat Ehlers-Göttingen und andere Beiträge aus Privatbesitz, dabei die Sammlung Dr. Gaa-MannheimbHandzeichnungen zumeist der französischen, italienischen, niederländischen und schweizerischen Schulen : Eine Sammlung von Schweizer Scheibenrissen und Zeichnungen des XVI-XIX. Jahrhunderts : Kostbare alte Miniaturen. aLeipzigbC. G. Boernerc1930 a109 p.bil. (algunas a color), 48 láminasc30 cm. aCatálogo de la subasta No. 164 aCatálogo de subasta inventariado por Banco de México como libro aCA4